[Event "TCh-RUS Premier 2023"]
[Site "Sochi RUS"]
[Date "2023.05.03"]
[Round "3.4"]
[Board "3"]
[White "Sviridov, Valery"]
[Black "Savchenko, Boris"]
[Result "1/2-1/2"]
[BlackTitle "GM"]
[WhiteElo "2545"]
[BlackElo "2540"]
[WhiteTeam "Shkola im. M.M. Botvinnika  (Moskva)"]
[BlackTeam "Moskovskaya oblast (Moskovskaya oblast)"]
[WhiteFideId "4120680"]
[BlackFideId "4147332"]
[EventDate "2023.05.01"]
[EventType "team"]

1. Nf3 e6 2. g3 b5 3. Bg2 Bb7 4. O-O c5 5. d3 Nf6 6. a4 b4 7. e4 d6 8. Nbd2 Be7
9. b3 Nc6 10. Bb2 a5 11. e5 dxe5 12. Nxe5 Qc7 13. Ng4 h5 14. Nxf6+ Bxf6 15. Bxf6
gxf6 16. Qf3 f5 17. Rac1 h4 18. Rfe1 O-O-O 19. c3 h3 20. Bh1 bxc3 21. Rxc3 Nb4
22. Qxb7+ Qxb7 23. Bxb7+ Kxb7 24. Rxc5 Nxd3 25. Rb5+ Ka6 26. Re2 Nc1 27. Re1
Rxd2 28. Rxc1 Rc8 29. Rb1 Rcd8 30. Kf1 Ra2 31. Rc1 Rd6 32. Ke1 Rb6 33. Rcc5 Rxb5
34. Rxb5 Ra1+ 35. Ke2 Rh1 36. b4 axb4 37. Rxb4 Rxh2 38. Rb1 e5 39. Rd1 e4 40.
Rd6+ Ka5 41. Rd5+ Kxa4 42. Rxf5 Rh1 43. Rf4 f5 44. Rxf5 h2 45. Rh5 Kb4 46. Rh8
Kc5 47. Rh7 Kd5 48. Rh8 Ke5 1/2-1/2

[Event "TCh-RUS Premier 2023"]
[Site "Sochi RUS"]
[Date "2023.05.03"]
[Round "3.4"]
[Board "4"]
[White "Iljiushenok, Ilia"]
[Black "Uskov, Artem"]
[Result "1-0"]
[WhiteTitle "GM"]
[BlackTitle "IM"]
[WhiteElo "2544"]
[BlackElo "2367"]
[WhiteTeam "Moskovskaya oblast (Moskovskaya oblast)"]
[BlackTeam "Shkola im. M.M. Botvinnika  (Moskva)"]
[WhiteFideId "24105074"]
[BlackFideId "34254854"]
[EventDate "2023.05.01"]
[EventType "team"]

1. d4 Nf6 2. c4 e6 3. g3 d5 4. Bg2 Bb4+ 5. Nd2 O-O 6. Nf3 b6 7. O-O Bb7 8. b3
Nbd7 9. Bb2 Re8 10. Rc1 a5 11. e3 Ne4 12. Qc2 Bd6 13. Rfd1 f5 14. Ne5 Nxd2 15.
Rxd2 c6 16. Qd1 Rc8 17. Rdc2 Qe7 18. cxd5 cxd5 19. Nc4 Bb4 20. a3 Bd6 21. Nxd6
Qxd6 22. Bf1 Rxc2 23. Rxc2 Rc8 24. Rxc8+ Bxc8 25. Qc1 Bb7 26. a4 Nb8 27. Ba3 Qc6
28. Qxc6 Bxc6 29. Bd6 Nd7 30. Bd3 Kf7 31. Bc7 g6 32. f3 Kf6 33. Be2 h6 34. Kf2
g5 35. h3 Ke7 36. Bd3 Ke8 37. Bf1 Ke7 38. Be2 Kf7 39. f4 Kg6 40. Kf3 Kf7 41. Bd3
Ke7 42. fxg5 hxg5 43. h4 g4+ 44. Kf4 Kf7 45. Kg5 Kg7 46. h5 Kf7 47. h6 Bb7 48.
Bb5 Nf6 49. Be5 Nh7+ 50. Kf4 Bc8 51. Bc7 Nf6 52. Be5 Nh7 53. Bc6 Ba6 54. Bc7 Nf6
55. Ke5 Bc8 56. Bxb6 Kg6 57. Bxa5 Ne4 58. Be1 Kxh6 59. b4 Ng5 60. Kd6 1-0

[Event "TCh-RUS Premier 2023"]
[Site "Sochi RUS"]
[Date "2023.05.03"]
[Round "3.4"]
[Board "5"]
[White "Zverev, Lev"]
[Black "Smirnov, Pavel"]
[Result "0-1"]
[WhiteTitle "FM"]
[BlackTitle "GM"]
[WhiteElo "2301"]
[BlackElo "2545"]
[WhiteTeam "Shkola im. M.M. Botvinnika  (Moskva)"]
[BlackTeam "Moskovskaya oblast (Moskovskaya oblast)"]
[WhiteFideId "24250775"]
[BlackFideId "4123425"]
[EventDate "2023.05.01"]
[EventType "team"]

1. e4 e5 2. Nf3 Nc6 3. Bc4 Nf6 4. d3 Bc5 5. O-O O-O 6. h3 h6 7. c3 d6 8. Re1 a6
9. a4 a5 10. Nbd2 Be6 11. b3 Re8 12. Bb5 Bd7 13. Bb2 Nb8 14. Bxd7 Nbxd7 15. Qc2
c6 16. d4 Ba7 17. Rad1 Qc7 18. c4 Rac8 19. c5 exd4 20. cxd6 Qxd6 21. e5 Nxe5 22.
Rxe5 Rxe5 23. Nc4 Rc5 24. Nxd6 Rxc2 25. Nxc8 Rxb2 26. Nxa7 c5 27. Nd2 Nd5 28.
Nb5 b6 29. g3 f5 30. Kf1 Ne3+ 31. fxe3 dxe3 32. Ke2 exd2 33. Rxd2 Rxb3 34. Rd3
Rb4 35. Nc3 h5 36. Rd5 g6 37. h4 f4 38. Kf3 Rb3 39. Kxf4 Rxc3 40. Rd6 Kg7 41.
Rxb6 Rc4+ 42. Ke5 Rxa4 43. Rb7+ Kh6 44. Kf6 Rb4 45. Rc7 Rb6+ 46. Kf7 Ra6 47. Rc8
Kh7 48. Rc7 a4 49. Kf8+ Kh8 50. g4 a3 51. gxh5 a2 52. hxg6 Ra8+ 0-1

[Event "TCh-RUS Premier 2023"]
[Site "Sochi RUS"]
[Date "2023.05.03"]
[Round "3.4"]
[Board "6"]
[White "Sychev, Klementy"]
[Black "Averin, Nikolay"]
[Result "1-0"]
[WhiteTitle "GM"]
[BlackTitle "FM"]
[WhiteElo "2547"]
[BlackElo "2293"]
[WhiteTeam "Moskovskaya oblast (Moskovskaya oblast)"]
[BlackTeam "Shkola im. M.M. Botvinnika  (Moskva)"]
[WhiteFideId "4114060"]
[BlackFideId "24250473"]
[EventDate "2023.05.01"]
[EventType "team"]

1. e4 c5 2. Nf3 Nc6 3. Bb5 g6 4. Bxc6 dxc6 5. O-O Bg7 6. d3 e5 7. a3 Qe7 8. b4
cxb4 9. axb4 Qxb4 10. Ba3 Qb6 11. Nbd2 Qc7 12. Qb1 b6 13. Nc4 c5 14. Nfxe5 Nf6
15. Bb2 O-O 16. Nf3 Bg4 17. Be5 Qb7 18. Nfd2 Nh5 19. Qb2 Bd7 20. Bxg7 Nxg7 21.
f4 Rfd8 22. f5 Qc7 23. Rf3 Be8 24. Ne3 Qd6 25. Nd5 Bc6 26. Nc4 Qf8 27. Nf6+ Kh8
28. Ne5 Be8 29. fxg6 fxg6 30. Raf1 h5 31. Nd5 Qd6 32. Rf8+ Kh7 33. Nf6+ Kh6 34.
Qc1+ g5 35. Rh8# 1-0

[Event "TCh-RUS Premier 2023"]
[Site "Sochi RUS"]
[Date "2023.05.03"]
[Round "3.5"]
[Board "1"]
[White "Lazavik, Denis"]
[Black "Murzin, Volodar"]
[Result "1/2-1/2"]
[WhiteTitle "GM"]
[BlackTitle "GM"]
[WhiteElo "2544"]
[BlackElo "2577"]
[WhiteTeam "Belarus (Respublika Belarus)"]
[BlackTeam "Sbornaya Novosibirskoy oblasti (Novosibir"]
[WhiteFideId "13515110"]
[BlackFideId "44155573"]
[EventDate "2023.05.01"]
[EventType "team"]

1. d4 d5 2. c4 c6 3. Nf3 Nf6 4. Nc3 e6 5. Bg5 Nbd7 6. cxd5 exd5 7. e3 Be7 8. Qc2
h6 9. Bh4 O-O 10. Bd3 Re8 11. Nd2 Nh5 12. Bxe7 Qxe7 13. O-O Nhf6 14. h3 Nb6 15.
Rfe1 Bd7 16. a3 Nc8 17. Nf3 Nd6 18. Ne5 Rac8 19. Rad1 Nfe4 20. f3 Nxc3 21. Qxc3
Bf5 22. Qc2 Bxd3 23. Qxd3 Qe6 24. Ng4 Re7 25. Nf2 f5 26. b3 Rce8 27. Qd2 Qf6 28.
Nd3 f4 29. Ne5 fxe3 30. Rxe3 Nf5 31. Ng4 Qd6 32. Re5 h5 33. Rxf5 hxg4 34. fxg4
Re2 35. Qf4 Qxf4 36. Rxf4 R8e3 37. Rf3 Rxf3 38. gxf3 Re3 39. Kf2 Rxb3 40. h4
Rxa3 41. Re1 Kf7 42. h5 Ra4 43. g5 Rxd4 44. Kg3 c5 45. g6+ Kf6 46. Re8 Kg5 47.
Rh8 c4 48. f4+ Rxf4 49. h6 Rg4+ 50. Kf3 Rf4+ 1/2-1/2

[Event "TCh-RUS Premier 2023"]
[Site "Sochi RUS"]
[Date "2023.05.03"]
[Round "3.5"]
[Board "2"]
[White "Kobalia, Mikhail"]
[Black "Nikitenko, Mihail"]
[Result "1/2-1/2"]
[WhiteTitle "GM"]
[BlackTitle "GM"]
[WhiteElo "2584"]
[BlackElo "2522"]
[WhiteTeam "Sbornaya Novosibirskoy oblasti (Novosibir"]
[BlackTeam "Belarus (Respublika Belarus)"]
[WhiteFideId "4119150"]
[BlackFideId "13506862"]
[EventDate "2023.05.01"]
[EventType "team"]

1. e4 c5 2. Nf3 e6 3. Be2 Nc6 4. O-O Nf6 5. Nc3 e5 6. Bc4 Be7 7. d3 d6 8. Nd5
O-O 9. c3 h6 10. Nxf6+ Bxf6 11. Be3 Re8 12. b4 cxb4 13. Qb3 Na5 14. Bxf7+ Kf8
15. Qd5 Re7 16. cxb4 Nc6 17. Bg8 Nxb4 18. Qb3 Na6 19. Rac1 Bg4 20. Nd2 Bh5 21.
f4 Bf7 22. Bxf7 Rxf7 23. Nc4 Qe7 24. Qa3 Kg8 25. Rb1 exf4 26. Rxf4 Rd8 27. Rf5
Qe6 28. Rd5 Qg4 29. Nxd6 Be7 30. Nxf7 Bxa3 31. Nxh6+ gxh6 32. Rxd8+ Kf7 33.
Rxb7+ Ke6 34. Re8+ Kd6 35. h3 Qe2 36. Bxa7 Nc5 37. Bb8+ Kc6 38. Rc7+ Kb6 39. Rf7
Qxd3 40. Bf4 Nd7 41. Rd8 Bd6 42. Rdxd7 Qd4+ 43. Kf1 Qd3+ 1/2-1/2

[Event "TCh-RUS Premier 2023"]
[Site "Sochi RUS"]
[Date "2023.05.03"]
[Round "3.5"]
[Board "3"]
[White "Zarubitski, Viachaslau"]
[Black "Kezin, Roman"]
[Result "1/2-1/2"]
[WhiteTitle "IM"]
[BlackTitle "IM"]
[WhiteElo "2423"]
[BlackElo "2514"]
[WhiteTeam "Belarus (Respublika Belarus)"]
[BlackTeam "Sbornaya Novosibirskoy oblasti (Novosibir"]
[WhiteFideId "13509373"]
[BlackFideId "24124621"]
[EventDate "2023.05.01"]
[EventType "team"]

1. e4 c5 2. Nf3 e6 3. c3 Nf6 4. e5 Nd5 5. d4 cxd4 6. cxd4 d6 7. Bc4 Be7 8. O-O
O-O 9. Qe2 Bd7 10. Bxd5 exd5 11. Nc3 Be6 12. Bf4 Nc6 13. Rad1 a6 14. Rfe1 h6 15.
h3 Re8 16. exd6 1/2-1/2

[Event "TCh-RUS Premier 2023"]
[Site "Sochi RUS"]
[Date "2023.05.03"]
[Round "3.5"]
[Board "4"]
[White "Khubukshanov, Erdem"]
[Black "Tsaruk, Maksim"]
[Result "0-1"]
[WhiteTitle "IM"]
[BlackTitle "FM"]
[WhiteElo "2388"]
[BlackElo "2371"]
[WhiteTeam "Sbornaya Novosibirskoy oblasti (Novosibir"]
[BlackTeam "Belarus (Respublika Belarus)"]
[WhiteFideId "54114527"]
[BlackFideId "13511173"]
[EventDate "2023.05.01"]
[EventType "team"]

1. e4 e5 2. Nf3 Nc6 3. Bc4 Nf6 4. d3 Be7 5. O-O O-O 6. Re1 d6 7. a4 a5 8. Nc3 h6
9. h3 Re8 10. Ne2 Be6 11. Bxe6 fxe6 12. Ng3 Nd7 13. c3 Bf6 14. Be3 b6 15. Qc2
Qe7 16. Rad1 Rac8 17. Qb3 Qf7 18. Nf1 Ne7 19. Qa2 Rf8 20. b4 axb4 21. cxb4 c5
22. Rb1 Rc7 23. bxc5 bxc5 24. Rb5 Ra8 25. N1d2 Rca7 26. a5 Nc6 27. Nb3 Bd8 28.
Bd2 Ndb8 29. Qa4 Qd7 30. Ra1 Na6 31. Qc4 Kh8 32. Bc3 Rc8 33. Rc1 Raa8 34. Qa4
Na7 35. Rb4 Qxa4 36. Rxa4 Nc6 37. Kf1 Rab8 38. Nbd2 Rb5 39. Nc4 Bc7 40. Rc2 Rcb8
41. Rc1 Kg8 42. h4 Kf7 43. Ke2 Rb1 44. Rc2 Ke7 45. Rca2 R1b3 46. Rc2 Nd4+ 47.
Nxd4 exd4 48. Be1 d5 49. Nd2 Rb2 50. Rxb2 Rxb2 51. Kd1 Kd7 52. exd5 exd5 53. Nf3
Kc6 54. Kc1 Re2 55. Kd1 Rb2 56. Kc1 Rb7 57. Ra2 Bf4+ 58. Kd1 Rb1+ 59. Ke2 h5 60.
g3 Bc1 61. Kf1 Bb2 62. Nd2 Nb4 63. Nxb1 Nxa2 64. Ke2 c4 65. dxc4 dxc4 66. Nd2 c3
67. Nb3 c2 68. Kd3 c1=Q 69. Nxc1 Nxc1+ 70. Kc2 Ba3 71. Bd2 Ne2 72. Kd3 Ng1 73.
Bf4 Nh3 74. Be5 Nxf2+ 75. Kxd4 Bb2+ 0-1

[Event "TCh-RUS Premier 2023"]
[Site "Sochi RUS"]
[Date "2023.05.03"]
[Round "3.5"]
[Board "5"]
[White "Stribuk, Artiom"]
[Black "Obgolts, Erik"]
[Result "1-0"]
[WhiteTitle "FM"]
[BlackTitle "FM"]
[WhiteElo "2376"]
[BlackElo "2455"]
[WhiteTeam "Belarus (Respublika Belarus)"]
[BlackTeam "Sbornaya Novosibirskoy oblasti (Novosibir"]
[WhiteFideId "13515659"]
[BlackFideId "24199044"]
[EventDate "2023.05.01"]
[EventType "team"]

1. d4 Nf6 2. c4 g6 3. g3 Bg7 4. Bg2 O-O 5. Nc3 d6 6. Nf3 Bf5 7. Nh4 Bc8 8. O-O
Nc6 9. Nf3 e5 10. dxe5 dxe5 11. Be3 Bf5 12. h3 Qc8 13. g4 Rd8 14. Qb3 Be6 15.
Ng5 Rb8 16. Nxe6 Qxe6 17. c5 Qe7 18. Qa4 Nd4 19. Qxa7 c6 20. Rad1 h5 21. Bg5 Ra8
22. Qb6 hxg4 23. hxg4 Rdb8 24. e3 Ne6 25. Bxf6 Bxf6 26. Ne4 Bg7 27. Rd6 Rxa2 28.
Rfd1 Rf8 29. Rd7 Qh4 30. Qb3 Raa8 31. Qxb7 Rab8 32. Qxc6 Rxb2 33. Rxf7 Rxf7 34.
Qxe6 Rxf2 35. Rd7 Kf8 36. Qd6+ Kg8 37. Qe6 Kf8 38. Qd6+ Kg8 39. Qxg6 Rxd7 40.
Nxf2 Rf7 41. Nh3 Qg3 42. Ng5 Rf6 43. Qe4 Qf2+ 44. Kh1 Rh6+ 45. Nh3 Bf6 46. c6
Be7 47. c7 1-0

[Event "TCh-RUS Premier 2023"]
[Site "Sochi RUS"]
[Date "2023.05.03"]
[Round "3.5"]
[Board "6"]
[White "Belozerov, Andrei"]
[Black "Siniauski, Artsiom"]
[Result "1/2-1/2"]
[WhiteTitle "GM"]
[BlackTitle "FM"]
[WhiteElo "2461"]
[BlackElo "2247"]
[WhiteTeam "Sbornaya Novosibirskoy oblasti (Novosibir"]
[BlackTeam "Belarus (Respublika Belarus)"]
[WhiteFideId "4120213"]
[BlackFideId "13512269"]
[EventDate "2023.05.01"]
[EventType "team"]

1. e4 e6 2. d4 d5 3. Nc3 dxe4 4. Nxe4 Nd7 5. Nf3 Ngf6 6. Nxf6+ Nxf6 7. Bd3 c5 8.
Be3 Qc7 9. Bb5+ Bd7 10. Bxd7+ Nxd7 11. d5 e5 12. c4 Bd6 13. Qc2 h6 14. O-O g6
15. Rfe1 O-O-O 16. b4 Rde8 17. bxc5 Bxc5 18. Bxc5 Nxc5 19. Rad1 Qd6 20. Nd2 Kb8
21. Ne4 Nxe4 22. Rxe4 b6 23. Rde1 f5 24. R4e2 Rh7 25. Qc3 Rhe7 26. f3 h5 27. g3
g5 28. Qd3 Rf8 29. Qc3 Rfe8 30. Qd3 Rf8 31. Qc3 1/2-1/2

[Event "TCh-RUS Premier 2023"]
[Site "Sochi RUS"]
[Date "2023.05.04"]
[Round "4.1"]
[Board "1"]
[White "Artemiev, Vladislav"]
[Black "Murzin, Volodar"]
[Result "1/2-1/2"]
[WhiteTitle "GM"]
[BlackTitle "GM"]
[WhiteElo "2701"]
[BlackElo "2577"]
[WhiteTeam "Ladya (Respublika Tatarstan)"]
[BlackTeam "Sbornaya Novosibirskoy oblasti (Novosibir"]
[WhiteFideId "24101605"]
[BlackFideId "44155573"]
[EventDate "2023.05.01"]
[EventType "team"]

1. d4 d5 2. c4 e6 3. Nf3 Nf6 4. Nc3 c6 5. Bg5 Nbd7 6. e3 Be7 7. a4 O-O 8. Be2
dxc4 9. Bxc4 c5 10. O-O cxd4 11. Nxd4 Ne5 12. Be2 Bd7 13. Qb3 Qb6 14. Qxb6 axb6
15. Rfd1 Rfc8 16. Ncb5 Nc4 17. b3 Na5 18. g4 h6 19. Bxf6 Bxf6 20. Rab1 Rd8 21.
Bf3 Nc6 22. Kg2 Nxd4 23. Nxd4 Rab8 24. Rbc1 Be5 25. Be4 Bd6 26. Nf3 Be8 27. Nd2
b5 28. axb5 Bxb5 29. Nc4 Bxc4 30. Rxc4 Kf8 31. Ra1 Ra8 32. Raa4 b5 33. Rxa8 Rxa8
34. Rc6 Rd8 35. Rb6 b4 36. h3 Ke7 37. h4 g5 38. h5 Kf6 39. Kf3 Be7 40. Ke2 Rc8
41. Ra6 Rc3 42. Bd5 Rc2+ 43. Kf3 Rd2 44. Bc4 Kg7 45. Rb6 Kf6 46. Rb8 Rd8 47. Rb7
Rd2 48. Kg2 Rb2 49. Kg3 Bd6+ 50. Kf3 Ra2 51. Bb5 Rb2 52. Be8 Be7 53. Ba4 Bd6 54.
Rd7 Be5 55. Rb7 1/2-1/2

[Event "TCh-RUS Premier 2023"]
[Site "Sochi RUS"]
[Date "2023.05.04"]
[Round "4.1"]
[Board "2"]
[White "Kobalia, Mikhail"]
[Black "Timofeev, Artyom"]
[Result "1/2-1/2"]
[WhiteTitle "GM"]
[BlackTitle "GM"]
[WhiteElo "2584"]
[BlackElo "2567"]
[WhiteTeam "Sbornaya Novosibirskoy oblasti (Novosibir"]
[BlackTeam "Ladya (Respublika Tatarstan)"]
[WhiteFideId "4119150"]
[BlackFideId "4140419"]
[EventDate "2023.05.01"]
[EventType "team"]

1. e4 c5 2. Nf3 d6 3. Bb5+ Bd7 4. Bxd7+ Nxd7 5. O-O Ngf6 6. Qe2 e6 7. b3 Be7 8.
Bb2 O-O 9. c4 Rc8 10. d4 cxd4 11. Nxd4 a6 12. Nc3 Qa5 13. Rac1 Rfe8 14. Rfe1 Bf8
15. Kh1 g6 16. Nf3 Rc6 17. h3 Rec8 18. Kg1 R6c7 19. Nd4 Bh6 20. Rc2 e5 21. Nf3
b5 22. g4 Bf4 23. g5 b4 24. gxf6 bxc3 25. Bxc3 Qb6 26. Bd2 Bxd2 27. Rxd2 Nxf6
28. Red1 Rc6 29. Nh2 a5 30. Ng4 Nxg4 31. Qxg4 Ra8 32. Qd7 Ra7 33. Qe8+ Kg7 34.
Rd5 Qc7 35. Rb5 Rb6 36. Rdd5 a4 37. Rxb6 Qxb6 38. Qb5 Qd8 39. bxa4 Qg5+ 40. Kf1
Qc1+ 41. Kg2 Qc2 42. Rxd6 Qxe4+ 43. Kg1 Rb7 44. Rb6 Qe1+ 45. Kg2 Qe4+ 46. Kg1
Qe1+ 47. Kg2 Qe4+ 1/2-1/2

[Event "TCh-RUS Premier 2023"]
[Site "Sochi RUS"]
[Date "2023.05.04"]
[Round "4.1"]
[Board "3"]
[White "Tsydypov, Zhamsaran"]
[Black "Bocharov, Dmitry"]
[Result "1/2-1/2"]
[WhiteTitle "GM"]
[BlackTitle "GM"]
[WhiteElo "2538"]
[BlackElo "2516"]
[WhiteTeam "Ladya (Respublika Tatarstan)"]
[BlackTeam "Sbornaya Novosibirskoy oblasti (Novosibir"]
[WhiteFideId "4108566"]
[BlackFideId "4138716"]
[EventDate "2023.05.01"]
[EventType "team"]

1. e4 c5 2. Nf3 d6 3. d4 cxd4 4. Nxd4 Nf6 5. Nc3 a6 6. Bd3 e5 7. Nde2 Be7 8. O-O
O-O 9. a4 Nc6 10. f4 exf4 11. Nxf4 Ne5 12. Kh1 Be6 13. Qe1 Rc8 14. Qg3 Nfd7 15.
Nce2 Bh4 16. Qe3 Ng4 17. Qg1 Nc5 18. h3 Ne5 19. b4 Nexd3 20. cxd3 Nb3 21. Rb1
Nxc1 22. Rfxc1 Qd7 23. b5 Rxc1 24. Qxc1 Rc8 25. Qe3 h6 26. Qb6 Bd8 27. Qa7 axb5
28. axb5 Bg5 29. Qd4 Rc5 30. Qb4 Qc8 31. d4 Rc2 32. Qxd6 Rxe2 33. Nxe2 Qc2 34.
Re1 Bh4 35. d5 Bxh3 36. Rg1 Bg4 37. Ng3 Qf2 38. Kh2 h5 39. Qe5 g6 40. d6 Be6 41.
Nh1 Bf6 42. Nxf2 Bxe5+ 43. Kh1 Bxd6 44. Rc1 Bf4 45. Rc2 b6 46. Nd3 Be3 47. Rc6
Kf8 48. Ne5 Ke7 49. Nc4 Bxc4 50. Rxc4 Bc5 51. Kh2 Kd6 52. Kg3 Ke5 53. Kf3 g5 54.
g3 f6 55. Rc1 Bd4 56. Rh1 g4+ 57. Ke2 Kxe4 58. Rxh5 Be5 59. Rh4 Kd5 60. Rxg4 Kc5
61. Kd3 Kxb5 1/2-1/2

[Event "TCh-RUS Premier 2023"]
[Site "Sochi RUS"]
[Date "2023.05.04"]
[Round "4.1"]
[Board "4"]
[White "Kezin, Roman"]
[Black "Drygalov, Andrey"]
[Result "1-0"]
[WhiteTitle "IM"]
[BlackTitle "GM"]
[WhiteElo "2514"]
[BlackElo "2484"]
[WhiteTeam "Sbornaya Novosibirskoy oblasti (Novosibir"]
[BlackTeam "Ladya (Respublika Tatarstan)"]
[WhiteFideId "24124621"]
[BlackFideId "24171735"]
[EventDate "2023.05.01"]
[EventType "team"]

1. d4 Nf6 2. c4 e6 3. Nf3 d5 4. g3 dxc4 5. Bg2 Bb4+ 6. Nc3 O-O 7. O-O Nc6 8. Re1
Nd5 9. Bd2 Nb6 10. e3 Be7 11. Qe2 Nb4 12. Red1 c5 13. dxc5 Bxc5 14. Ne5 Qc7 15.
Nxc4 Bd7 16. a3 N4d5 17. Nxb6 Nxb6 18. Rac1 Bc6 19. b4 Be7 20. Nb5 Qd7 21. Be1
Nd5 22. Nc3 Bf6 23. b5 Nxc3 24. Bxc3 Bxb5 25. Qh5 Qe8 26. Bxf6 gxf6 27. Rd4 1-0

[Event "TCh-RUS Premier 2023"]
[Site "Sochi RUS"]
[Date "2023.05.04"]
[Round "4.1"]
[Board "5"]
[White "Samusenko, Maksim"]
[Black "Khubukshanov, Erdem"]
[Result "0-1"]
[WhiteTitle "IM"]
[BlackTitle "IM"]
[WhiteElo "2464"]
[BlackElo "2388"]
[WhiteTeam "Ladya (Respublika Tatarstan)"]
[BlackTeam "Sbornaya Novosibirskoy oblasti (Novosibir"]
[WhiteFideId "4112253"]
[BlackFideId "54114527"]
[EventDate "2023.05.01"]
[EventType "team"]

1. e4 c5 2. Nc3 d6 3. d4 cxd4 4. Qxd4 Nc6 5. Qd2 g6 6. b3 Bh6 7. f4 Nf6 8. Bb2
O-O 9. O-O-O e5 10. g3 Re8 11. Kb1 Nd4 12. Qf2 Bg4 13. Re1 Rc8 14. h3 Bd7 15.
Nf3 Bg7 16. fxe5 Nxf3 17. Qxf3 Rxe5 18. Bd3 Qe7 19. Re2 b5 20. a3 a5 21. g4 h5
22. gxh5 Rxh5 23. Nd1 Nh7 24. Bxg7 Kxg7 25. Ne3 Qe5 26. h4 a4 27. Nf5+ Kf8 28.
Ng3 Rh6 29. Qe3 Kg7 30. h5 axb3 31. cxb3 Rc3 32. Rb2 b4 33. a4 gxh5 34. Ne2 Rc5
35. Nf4 Nf6 36. Rc2 Rc3 37. Rxc3 Qxc3 38. Ka2 Rh8 39. Rg1+ Bg4 40. Nd5 Qe5 41.
Nxb4 Rc8 42. Rg2 d5 43. Qd2 dxe4 44. Bc4 Rxc4 45. bxc4 e3 46. Qb2 Qf4 47. Qc3 e2
48. Rg1 Qf1 49. Qe1 Qf3 50. Kb2 Ne4 51. Nd5 Kh7 52. Qh4 f6 53. Qh2 Nd2 54. Qc7+
Kg6 55. Ne7+ Kg5 56. Qa5+ f5 57. Qxd2+ f4 58. Nd5 Qe4 59. Qc3 Qe6 60. Qd2 Qe5+
61. Kb3 Kf5 62. Qd3+ Kg5 63. Qd2 Kf5 64. Nc3 f3 65. Qd3+ Kg5 66. Ne4+ Kf4 67.
Nf2 e1=Q 68. Rxe1 Qxe1 69. Qd6+ Ke3 70. Nd1+ Ke2 71. Kc2 Kf1 72. Qf4 Qe2+ 73.
Kc1 Ke1 74. Nc3 Qd3 75. Qe5+ Kf1 76. c5 f2 77. Ne4 Qe3+ 78. Kc2 Kg2 79. Qd5 Qf3
80. Qd4 f1=Q 81. Qd2+ Q1e2 0-1

[Event "TCh-RUS Premier 2023"]
[Site "Sochi RUS"]
[Date "2023.05.04"]
[Round "4.1"]
[Board "6"]
[White "Obgolts, Erik"]
[Black "Gaifullin, Artur"]
[Result "0-1"]
[WhiteTitle "FM"]
[BlackTitle "FM"]
[WhiteElo "2455"]
[BlackElo "2422"]
[WhiteTeam "Sbornaya Novosibirskoy oblasti (Novosibir"]
[BlackTeam "Ladya (Respublika Tatarstan)"]
[WhiteFideId "24199044"]
[BlackFideId "24168653"]
[EventDate "2023.05.01"]
[EventType "team"]

1. e4 e5 2. Nf3 Nc6 3. Bb5 a6 4. Ba4 f5 5. d3 fxe4 6. dxe4 Nf6 7. O-O d6 8. Re1
Be7 9. c4 O-O 10. Nc3 Bg4 11. h3 Bh5 12. Bxc6 bxc6 13. Qd3 Nd7 14. Nh2 Nc5 15.
Qc2 Ne6 16. Be3 Bg5 17. Qd2 Bf4 18. Ne2 Bxe2 19. Qxe2 Bxe3 20. Qxe3 Nd4 21. Rac1
a5 22. Nf1 Qh4 23. c5 Rf6 24. Ng3 Raf8 25. Rf1 g6 26. Rc3 Qf4 27. cxd6 cxd6 28.
Ne2 Qxe3 29. Rxe3 Rb8 30. Rb1 Rf7 31. Nc3 Rfb7 32. b3 Kf7 33. Rd1 Ke6 34. Red3
Rf7 35. f3 h5 36. Kf2 g5 37. Ne2 c5 38. h4 g4 39. f4 Rxf4+ 40. Nxf4+ exf4 41.
Rxd4 cxd4 42. Rxd4 Ke5 43. Rd5+ Kxe4 44. Rxd6 Rc8 45. Re6+ Kf5 46. Re1 g3+ 47.
Kf1 f3 48. gxf3 Kf4 49. a3 Rc3 50. Rb1 Kxf3 51. Kg1 Kg4 52. b4 a4 0-1

[Event "TCh-RUS Premier 2023"]
[Site "Sochi RUS"]
[Date "2023.05.04"]
[Round "4.2"]
[Board "1"]
[White "Sjugirov, Sanan"]
[Black "Lazavik, Denis"]
[Result "1/2-1/2"]
[WhiteTitle "GM"]
[BlackTitle "GM"]
[WhiteElo "2712"]
[BlackElo "2544"]
[WhiteTeam "Moskovskaya oblast (Moskovskaya oblast)"]
[BlackTeam "Belarus (Respublika Belarus)"]
[WhiteFideId "4189302"]
[BlackFideId "13515110"]
[EventDate "2023.05.01"]
[EventType "team"]

1. e4 e5 2. Nf3 Nc6 3. Bc4 Bc5 4. c3 Nf6 5. d4 exd4 6. e5 d5 7. Bb5 Ne4 8. cxd4
Bb6 9. Nc3 O-O 10. Be3 Bg4 11. h3 Bh5 12. Qc2 Nxc3 13. bxc3 f6 14. exf6 Qxf6 15.
Be2 Bg6 16. Qd2 Rae8 17. O-O h6 18. Nh2 Bf5 19. Rae1 Qg6 20. Kh1 Na5 21. Ng4 1/2-1/2

[Event "TCh-RUS Premier 2023"]
[Site "Sochi RUS"]
[Date "2023.05.04"]
[Round "4.2"]
[Board "2"]
[White "Nikitenko, Mihail"]
[Black "Khismatullin, Denis"]
[Result "1-0"]
[WhiteTitle "GM"]
[BlackTitle "GM"]
[WhiteElo "2522"]
[BlackElo "2594"]
[WhiteTeam "Belarus (Respublika Belarus)"]
[BlackTeam "Moskovskaya oblast (Moskovskaya oblast)"]
[WhiteFideId "13506862"]
[BlackFideId "4142578"]
[EventDate "2023.05.01"]
[EventType "team"]

1. e4 e5 2. Nf3 Nc6 3. Nc3 Nf6 4. Bb5 Nd4 5. Ba4 c6 6. Nxe5 Bc5 7. Nd3 Bb6 8. e5
O-O 9. O-O Ne8 10. Ne2 Qh4 11. Nxd4 Qxd4 12. Bb3 d6 13. Qe2 Bf5 14. e6 Bxd3 15.
exf7+ Kh8 16. Qxd3 Qxd3 17. cxd3 Nc7 18. Re1 d5 19. Re7 g6 20. a4 a5 21. Bd1 Kg7
22. b4 Kf6 23. Rd7 Bd4 24. Rb1 Na6 25. Ba3 Rxf7 26. Rxf7+ Kxf7 27. bxa5 Ra7 28.
Bg4 Bc5 29. Bxc5 Nxc5 30. d4 Ne4 31. a6 Rxa6 32. Rxb7+ Ke8 33. Bd1 h5 34. Bc2
Nxd2 35. Bxg6+ Kf8 36. Bc2 Nc4 37. h4 Nb6 38. Bd3 Nc4 39. Rb4 1-0

[Event "TCh-RUS Premier 2023"]
[Site "Sochi RUS"]
[Date "2023.05.04"]
[Round "4.2"]
[Board "3"]
[White "Goryachkina, Aleksandra"]
[Black "Aleksandrov, Aleksej"]
[Result "1/2-1/2"]
[WhiteTitle "GM"]
[BlackTitle "GM"]
[WhiteElo "2565"]
[BlackElo "2484"]
[WhiteTeam "Moskovskaya oblast (Moskovskaya oblast)"]
[BlackTeam "Belarus (Respublika Belarus)"]
[WhiteFideId "4147103"]
[BlackFideId "13500139"]
[EventDate "2023.05.01"]
[EventType "team"]

1. d4 Nf6 2. c4 e6 3. g3 d5 4. Bg2 dxc4 5. Nf3 Nc6 6. Qa4 Bb4+ 7. Bd2 Nd5 8.
Bxb4 Nxb4 9. O-O Rb8 10. Nc3 a6 11. Ne5 O-O 12. Nxc6 Nxc6 13. Bxc6 bxc6 14. Qxc4
Rxb2 15. Rab1 Rb6 16. Qc5 h6 17. Rfd1 Re8 18. a3 f6 19. Rb4 Kh8 20. f3 Qe7 21.
Qxe7 Rxe7 22. Rdb1 e5 23. d5 cxd5 24. Rxb6 cxb6 25. Nxd5 Rd7 26. Nxb6 Rb7 27.
Rc1 Rxb6 28. Rxc8+ Kh7 29. Ra8 g5 30. g4 h5 31. gxh5 Kh6 32. Rh8+ Kg7 33. Ra8 1/2-1/2